Famous Austrians by Picture - Statistics

General Stats
  • This quiz has been taken 143 times
  • The average score is 5 of 16
Answer Stats
Picture Hint Answer % Correct
1756–1791 Wolfgang Amadeus Mozart
98%
1947– Arnold Schwarzenegger
88%
1856–1939 Sigmund Freud
78%
1949–2019 Niki Lauda
54%
1732–1809 Joseph Haydn
37%
1797–1828 Franz Schubert
31%
1957–1998 Falco
28%
1969– Felix Baumgartner
20%
1860–1911 Gustav Mahler
17%
1949– Wolfgang Puck
16%
1887–1961 Erwin Schrödinger
14%
1925–1992 Ernst Happel
13%
1824–1896 Anton Bruckner
12%
1874–1951 Arnold Schoenberg
6%
1883–1945 Anton Webern
3%
1883–1950 Joseph Schumpeter
1%
No matching quizzes found
Score Distribution
Percent of People with Each Score
Percentile by Number Answered
Your Score History
You have not taken this quiz